Tehanu (Registo nº 334)

Detalhes MARC
000 -Etiqueta do registo
Cabeçalho 00646nam0a2200241 4500
005 - Identificador da versão
Campo de controlo 20240821224405.0
010 ## - Número internacional normalizado dos livros (ISBN)
Número (ISBN) 9722329510
021 ## - Número do Depósito Legal
Código do país PT
Número 184 685/02
100 ## - Dados gerais de processamento
Dados gerais de processamento 20160628d2002 a e0pory5003 ba
101 1# - Língua de publicação
Língua do texto, banda sonora, etc. Português
Língua do documento no original Inglês
102 ## - Pais de publicação ou produção
País de publicação Portugal
200 1# - Titulo e menção de responsabilidade
Título próprio Tehanu
Informação de outro título o nome da estrela
Primeira menção de responsabilidade Ursula K. Le Guin
205 ## - Menção da edição
Menção da edição 1ª ed
210 ## - Publicação, Distribuição, etc. 
Lugar da edição, distribuição, etc. Lisboa
Nome do editor, distribuidor, etc. Presença
Data da publicação, distribuição, etc. 2002
215 ## - Descrição física 
Indicação específica da natureza do documento e extensão da espécie 220, [1] p
225 2# - Colecção 
Título próprio da colecção Estrela do Mar
Indicação de volume 43
606 ## - Nome comum usado como assunto
Número de registo de entrada de autoridade 0002775
Palavra de ordem Literatura americana
Subdivisão de assunto Romances de aventuras
Código do sistema CA
675 ## - Classificação Decimal Universal (CDU)
Notação 821.111(73)-311.3
Edição 3ª ed.
Língua da edição por
700 #1 - Nome de autor-pessoa física (responsabilidade principal)
Número de registo de entrada de autoridade 0003064
Palavra de ordem Le Guin
Outra parte do nome não tomada para palavra de ordem Ursula
Datas 1929-
942 ## - Elementos de entrada adicionados (Koha)
Tipo de item no Koha Livro
966 ## - Identificação da Biblioteca
Sigla EB2,3ENM
Exemplares
Situação do levantamento Origin of item (home branch) (coded) Biblioteca de empréstimo Código de barras Cota Circulation type (not for loan) Tipo de documento Nota do exemplar Damaged status
  Biblioteca Escolar Eng. Nuno Mergulhão Biblioteca Escolar Eng. Nuno Mergulhão BENM572 82LE-3 LEG   Livro Sem mensagem